Economy and Society: (Record no. 204519)

MARC details
000 -LEADER
fixed length control field 00713 a2200229 4500
003 - CONTROL NUMBER IDENTIFIER
control field dpl
005 - DATE AND TIME OF LATEST TRANSACTION
control field 20240726144240.0
008 - FIXED-LENGTH DATA ELEMENTS--GENERAL INFORMATION
fixed length control field 240726b |||||||| |||| 00| 0 eng d
010 ## - LIBRARY OF CONGRESS CONTROL NUMBER
LC control number ENG-141018
020 ## - INTERNATIONAL STANDARD BOOK NUMBER
International Standard Book Number 9789354791185
Terms of availability 595.00
035 ## - SYSTEM CONTROL NUMBER
System control number EN-124550
037 ## - SOURCE OF ACQUISITION
Source of stock number/acquisition DBAD
040 ## - CATALOGING SOURCE
Transcribing agency 0
082 14 - DEWEY DECIMAL CLASSIFICATION NUMBER
Classification number 330.122
Edition number 2
100 1# - MAIN ENTRY--PERSONAL NAME
9 (RLIN) 68964
Personal name Suresh, R.R
245 1# - TITLE STATEMENT
Title Economy and Society:
Statement of responsibility, etc By R.R Suresh
Remainder of title Political Economy and Rise of Capitaism/
250 ## - EDITION STATEMENT
Edition statement 2
260 ## - PUBLICATION, DISTRIBUTION, ETC. (IMPRINT)
Place of publication, distribution, etc New Delhi
Name of publisher, distributor, etc Sage Publications
Date of publication, distribution, etc 2022
270 ## - ADDRESS
Address B1/11, Mohan Cooperative Industrial Area, Mathura Road
City New Delhi
Postal code 110 044
300 ## - PHYSICAL DESCRIPTION
Extent xx,257,I-5p.
Dimensions 23cm(pb)
Other physical details Index
942 ## - ADDED ENTRY ELEMENTS (KOHA)
Institution code [OBSOLETE] dpl
Koha item type English Books
Source of classification or shelving scheme Dewey Decimal Classification
Classification part 330.122
Call number suffix SUR
Holdings
Withdrawn status Lost status Source of classification or shelving scheme Damaged status Not for loan Collection code Home library Current library Date acquired Source of acquisition Cost, normal purchase price Total Checkouts Full call number Barcode Date last seen Copy number Cost, replacement price Price effective from Koha item type
    Dewey Decimal Classification     Non-fiction Patel Nagar Patel Nagar 26/07/2024 DBAD 595.00   330.122 SUR EN-124550 26/07/2024 1 595.00 26/07/2024 English Books

© Delhi Public Library
Hit Counter
free hit counter